000
00295nam a2200121Ia 4500
008
190216s9999||||xx |||||||||||||| ||und||
100
_a
Ajitha Prasath Sinh
245
0
_a
Hindi-Classical Unani Mruthika
260
_b
"Kala Prakashan , Varanasi"
300
_a
72
650
_a
Hindi
942
_c
BK
999
_c
16206
_d
16206